| 000 | 00000nam##2200000za#4500 |
| 001 | 9.643739 |
| 003 | CaOODSP |
| 005 | 20250611103611 |
| 007 | cr ||||||||||| |
| 008 | 150407|1969||||xxc|||||o f|0| 0 fre|d |
| 040 | |aCaOODSP|bfre |
| 043 | |an-cn--- |
| 086 | 1 |aA21-15/1969F-PDF |
| 110 | 1 |aCanada. |bAgriculture et agroalimentaire Canada. |
| 245 | 10|aL'agriculture canadienne des années 70 : |h[ressource électronique]|brapport de la Commission de planification de l'agriculture canadienne / |cDavid L. MacFarlane, président. |
| 260 | |aOttawa - Ontario : |bAgriculture et Agroalimentaire Canada |cDécembre 1969. |
| 300 | |a89, 124, 180, 154p.|bfigures, graphique, organigrammes, tableaux |
| 500 | |aPublication historique numérisée en 2010 par le Bureau du Conseil privé du Canada. |
| 590 | |a15-04-Supp|b2015-03-19 |
| 691 | 07|aCommission d'enquête|2gcpds |
| 691 | 07|aIndustrie agro-alimentaire|2gcpds |
| 775 | 08|tCanadian agriculture in the seventies : |w(CaOODSP)9.699762 |
| 856 | 40|ahttp://publications.gc.ca|qPDF|s8.32 Mo|uhttps://publications.gc.ca/collections/collection_2014/aac-aafc/A21-15-1969-4-fra.pdf |
| 856 | 40|ahttp://publications.gc.ca|qPDF|s10.81 Mo|uhttps://publications.gc.ca/collections/collection_2014/aac-aafc/A21-15-1969-3-fra.pdf |
| 856 | 40|ahttp://publications.gc.ca|qPDF|s7.61 Mo|uhttps://publications.gc.ca/collections/collection_2014/aac-aafc/A21-15-1969-2-fra.pdf |
| 856 | 40|ahttp://publications.gc.ca|qPDF|s5.35 Mo|uhttps://publications.gc.ca/collections/collection_2014/aac-aafc/A21-15-1969-1-fra.pdf |